000
00342nam a2200157 i 4500
001
bg
100
1
_a
BOON, K.
245
0
_a
Paskal' dlja vsech /
_c
K.Boon.
260
_a
Moskva,
_c
1988.
630
0
9
_a
PASCAL
040
_c
BPK
041
_a
pol
080
_a
681.322.06:519.682
942
_c
KS
008
s pl f |000 0 pol
999
_c
28694
_d
28694